[Event "Split op 1st"]
[Site "Split"]
[Date "2011.08.08"]
[Round "4"]
[White "Mestrovic, Mario"]
[Black "Berke, Ana"]
[Result "0-1"]
[WhiteElo "2044"]
[BlackElo "2174"]
[PlyCount "120"]
[EventDate "2011.08.05"]
[EventType "swiss"]
[EventRounds "9"]
[EventCountry "CRO"]
[SourceTitle "CBM 143 Extra"]
[Source "ChessBase"]
[SourceDate "2011.08.29"]
[SourceVersion "1"]
[SourceVersionDate "2011.08.29"]
[SourceQuality "1"]

1. Nf3 c5 2. e3 Nf6 3. d4 e6 4. Bd3 d5 5. c3 Nbd7 6. 0-0 Be7 7. Nbd2 b6 8. e4 dxe4 9. Nxe4 Bb7 10. Qc2 0-0 11. Rd1 cxd4 12. cxd4 Nxe4 13. Bxe4 Bxe4 14. Qxe4 Nf6 15. Qe2 Rc8 16. Bg5 h6 17. Bh4 Qc7 18. Bg3 Bd6 19. Bxd6 Qxd6 20. Rac1 Rfd8 21. Qa6 Rxc1 22. Rxc1 Qf4 23. Rc8 Rxc8 24. Qxc8+ Kh7 25. h3 Qf5 26. Qb7 Nd5 27. Qxa7 Nf4 28. Qb7 f6 29. Kh2 Nd5 30. Qc6 Qf4+ 31. Kg1 Qe4 32. Qc1 Nf4 33. Qe3 Qf5 34. Nd2 Qg5 35. Qe4+ f5 36. Qf3 Nxg2 37. Ne4 Qh4 38. Kxg2 fxe4 39. Qg3 Qf6 40. Qe3 Qg6+ 41. Kf1 Qf5 42. Kg2 Kg6 43. a4 Kf7 44. b4 Ke7 45. Qg3 g5 46. Qc7+ Kf6 47. Qd8+ Kf7 48. Qc7+ Kg6 49. Qg3 Kf6 50. Qe5+ Qxe5 51. dxe5+ Kxe5 52. h4 gxh4 53. Kh3 Kd5 54. Kxh4 Kc4 55. a5 bxa5 56. bxa5 Kb5 57. Kh5 Kxa5 58. Kxh6 Kb5 59. Kg5 Kc5 60. Kf6 Kd5 0-1

[Event "Split op 3rd"]
[Site "Split"]
[Date "2009.03.02"]
[Round "3"]
[White "Saric, Branko"]
[Black "Mestrovic, Mario"]
[Result "0-1"]
[WhiteElo "1899"]
[BlackElo "2109"]
[PlyCount "82"]
[EventDate "2009.02.28"]
[EventType "swiss"]
[EventRounds "9"]
[EventCountry "CRO"]
[SourceTitle "CBM 129 Extra"]
[Source "ChessBase"]
[SourceDate "2009.05.05"]
[SourceVersion "2"]
[SourceVersionDate "2009.05.20"]
[SourceQuality "1"]

1. d4 d5 2. Nf3 c6 3. Nc3 Nf6 4. Bg5 Qb6 5. Na4 Qa5+ 6. c3 Ne4 7. Bf4 Nd7 8. b4 Qd8 9. Ng5 Nxg5 10. Bxg5 f6 11. Bh4 e5 12. e3 Bd6 13. Nc5 Qe7 14. Be2 b6 15. Nxd7 Bxd7 16. Bh5+ g6 17. Be2 a5 18. a3 exd4 19. exd4 axb4 20. axb4 0-0 21. Rxa8 Rxa8 22. 0-0 Qe4 23. Bg3 Bxg3 24. hxg3 Ra2 25. Bd3 Qg4 26. Qb1 Rd2 27. b5 cxb5 28. Bxb5 Bf5 29. Qe1 Rb2 30. Qe7 Qe4 31. Qd8+ Kg7 32. Qxb6 h5 33. Qc5 h4 34. gxh4 Qxh4 35. Qxd5 Be4 36. Qd7+ Kh6 37. Bc6 Bd3 38. g3 Qh5 39. Kg2 Bxf1+ 40. Kxf1 Rb1+ 41. Kg2 Qh1# 0-1

[Event "Bosnjaci op 14th"]
[Site "Bosnjaci"]
[Date "2009.01.04"]
[Round "2"]
[White "Mestrovic, Mario"]
[Black "Martinovic, Sasa"]
[Result "0-1"]
[WhiteElo "2109"]
[BlackElo "2427"]
[PlyCount "78"]
[EventDate "2009.01.03"]
[EventType "swiss"]
[EventRounds "9"]
[EventCountry "CRO"]
[SourceTitle "CBM 128 Extra"]
[Source "ChessBase"]
[SourceDate "2009.03.05"]
[SourceVersion "2"]
[SourceVersionDate "2009.03.25"]
[SourceQuality "1"]

1. e4 c5 2. b4 cxb4 3. Bb2 Nc6 4. d4 d5 5. exd5 Qxd5 6. c4 bxc3 7. Nxc3 Qa5 8. d5 Ne5 9. Qd4 Nd7 10. Nf3 Ngf6 11. Bb5 g6 12. d6 a6 13. dxe7 Bxe7 14. 0-0 axb5 15. Nd5 Nxd5 16. Qxh8+ Nf8 17. Rfe1 Be6 18. Bg7 0-0-0 19. Bxf8 Bf6 20. Rac1+ Kb8 21. Bd6+ Ka8 22. Qxf6 Nxf6 23. Bc7 Qxe1+ 24. Rxe1 Rc8 25. Be5 Nd7 26. Bd6 Rc6 27. Be7 Bxa2 28. Nd4 Ra6 29. Nxb5 Ra5 30. Nc7+ Ka7 31. Bb4 Ra4 32. Bd2 Kb6 33. Ne8 Kc6 34. h3 b5 35. Ra1 Be6 36. Rb1 Ra8 37. Rc1+ Bc4 38. Re1 Ra2 39. Bb4 Ra4 0-1